000 00632nam a22001937a 4500
003 OSt
005 20260428073233.0
008 260428b |||||||| |||| 00| 0 eng d
020 _a13:978-0-691-12505-3.
040 _aDWC-Main lib.
_cOC
082 _aCirc. 530 B552n 2007
100 _aBertulani, Carlos A.
245 _aNuclear physics in a nutshell/
_cCarlos A. Bertulani
260 _aPrinceton, N.J. :
_bPrinceton University Press,
_cc2007.
300 _axii. 473 p. :
_billustration;
_c26 cm.
504 _aIncludes bibliographical references and index.
650 _a1. Physics.
942 _2ddc
_cBK-CIRC
_hCirc.
_n0
999 _c10028
_d10028